World Series Wins by President Quiz Stats

 Plays Quiz not verified by Sporcle

Score 0/22 Timer 07:00
0 Plays Today
Presidents Team % Correct
Donald TrumpHouston Astros
100%
Coolidge, Hoover, FDR, Truman, Eisenhower, Kennedy, Carter, Clinton, ObamaNew York Yankees
87.3%
Coolidge, Hoover, FDR, Truman, LBJ, Reagan, W Bush, ObamaSt. Louis Cardinals
78.5%
George W. BushLos Angeles Angels and Arizona Diamondbacks
77.1%
Bill Clinton, George W. BushMiami Marlins
76.6%
Theodore Roosevelt, Barack ObamaChicago Cubs
75.6%
George HW Bush, Bill ClintonToronto Blue Jays
74.1%
T Roosevelt, Harding, FDR, Eisenhower, ObamaNew York - San Francisco Giants
72.7%
T Roosevelt, Taft, Wilson, W Bush, Obama, TrumpBoston Red Sox
72.7%
Theodore Roosevelt, Woodrow Wilson, George W. BushChicago White Sox
72.7%
Wilson, Eisenhower, ClintonBoston - Milwaukee - Atlanta Braves
72.2%
Presidents Team % Correct
Taft, Wilson, Hoover, Nixon, Ford, HW BushPhiladelphia - Kansas City - Oakland Athletics
70.7%
Ronald Reagan, Barack ObamaKansas City Royals
70.7%
Eisenhower, Kennedy, LBJ, ReaganBrooklyn - Los Angeles Dodgers
70.2%
Wilson, FDR, Ford, HW BushCincinnati Reds
69.8%
Richard Nixon, Ronald ReaganNew York Mets
69.3%
Taft, Coolidge, Eisenhower, Nixon, CarterPittsburgh Pirates
67.3%
Lyndon Johnson, Richard Nixon, Ronald ReaganSt. Louis - Baltimore Orioles
66.3%
Jimmy Carter, George W. BushPhiladelphia Phillies
65.4%
Calvin Coolidge, Ronald Reagan, George H.W. BushWashington - Minnesota Twins
64.9%
Woodrow Wilson, Harry TrumanCleveland Indians
63.4%
FDR, Truman, LBJ, ReaganDetroit Tigers
61.5%

You're not logged in!

Compare scores with friends on all Sporcle quizzes.
OR
Log In

Show Comments

Extras

Top Quizzes Today


Score Distribution

Your Account Isn't Verified!

In order to create a playlist on Sporcle, you need to verify the email address you used during registration. Go to your Sporcle Settings to finish the process.

Report this User

Report this user for behavior that violates our Community Guidelines.

Details: